Andy Murray - Final opponents for every title - Statistics

General Stats
  • This quiz has been taken 46 times
  • The average score is 36 of 46
Answer Stats
Date Tournament Opponent Nation Opponent % Correct
Aug 2008 Cincinnati Masters - USA Serbia πŸ‡·πŸ‡Έ Novak Djokovic
100%
Apr 2009 Miami Masters - USA Serbia πŸ‡·πŸ‡Έ Novak Djokovic
100%
Aug 2011 Cincinnati Masters - USA Serbia πŸ‡·πŸ‡Έ Novak Djokovic
100%
Sept 2012 US Open - Flushing Meadows, NYC, USA Serbia πŸ‡·πŸ‡Έ Novak Djokovic
100%
Jul 2013 The Championships, Wimbledon - London, UK Serbia πŸ‡·πŸ‡Έ Novak Djokovic
100%
Aug 2015 Canadian Open - Montreal, Canada Serbia πŸ‡·πŸ‡Έ Novak Djokovic
100%
May 2016 Rome Masters - Italy Serbia πŸ‡·πŸ‡Έ Novak Djokovic
100%
Nov 2016 ATP World Tour Finals - London, UK Serbia πŸ‡·πŸ‡Έ Novak Djokovic
100%
Feb 2009 Rotterdam Open - Netherlands Spain πŸ‡ͺπŸ‡Έ Rafael Nadal
100%
Oct 2011 Japan Open - Tokyo, Japan Spain πŸ‡ͺπŸ‡Έ Rafael Nadal
100%
May 2015 Madrid Masters - Spain Spain πŸ‡ͺπŸ‡Έ Rafael Nadal
100%
Aug 2010 Canadian Open - Toronto, Canada Switzerland πŸ‡¨πŸ‡­ Roger Federer
100%
Oct 2010 Shanghai Masters - China Switzerland πŸ‡¨πŸ‡­ Roger Federer
100%
Aug 2012 Olympic Games, London, UK Switzerland πŸ‡¨πŸ‡­ Roger Federer
100%
Jan 2008 Qatar Open - Doha, Qatar Switzerland πŸ‡¨πŸ‡­ Stan Wawrinka
98%
Oct 2019 European Open - Antwerp, Belgium Switzerland πŸ‡¨πŸ‡­ Stan Wawrinka
98%
Aug 2009 Canadian Open - Montreal, Canada Argentina πŸ‡¦πŸ‡· Juan Martin del Potro
95%
Aug 2016 Olympic Games - Rio de Janeiro, Brazil Argentina πŸ‡¦πŸ‡· Juan Martin del Potro
95%
Oct 2011 Shanghai Masters - China Spain πŸ‡ͺπŸ‡Έ David Ferrer
93%
Mar 2013 Miami Masters - USA Spain πŸ‡ͺπŸ‡Έ David Ferrer
93%
Oct 2014 Vienna Open - Austria Spain πŸ‡ͺπŸ‡Έ David Ferrer
93%
Jan 2009 Qatar Open - Doha, Qatar United States πŸ‡ΊπŸ‡Έ Andy Roddick
90%
Jan 2013 Brisbane International - Australia Bulgaria πŸ‡§πŸ‡¬ Grigor Dimitrov
90%
Oct 2016 China Open - Beijing, China Bulgaria πŸ‡§πŸ‡¬ Grigor Dimitrov
90%
Jun 2013 Queens Club Championships- London, UK Croatia πŸ‡­πŸ‡· Marin ČiliΔ‡
90%
Jun 2016 Queens Club Championships- London, UK Canada πŸ‡¨πŸ‡¦ Milos Raonic
90%
Jul 2016 The Championships, Wimbledon- London, UK Canada πŸ‡¨πŸ‡¦ Milos Raonic
90%
Oct 2016 Vienna Open - Austria France πŸ‡«πŸ‡· Jo-Wilfred Tsonga
88%
Jun 2011 Queens Club Championships - London, UK France πŸ‡«πŸ‡· Jo-Wilfried Tsonga
88%
Jun 2015 Queens Club Championships - London, UK South Africa πŸ‡ΏπŸ‡¦ Kevin Anderson
78%
Feb 2006 Pacific Coast Championship - USA Australia πŸ‡¦πŸ‡Ί Lleyton Hewitt
78%
Nov 2016 Paris Masters - France United States πŸ‡ΊπŸ‡Έ John Isner
70%
Oct 2016 Shanghai Masters - China Spain πŸ‡ͺπŸ‡Έ Roberto Bautista Agut
55%
Jun 2009 Queens Club Championships - London, UK United States πŸ‡ΊπŸ‡Έ James Blake
53%
Oct 2007 St Petersburg Open - Russia Spain πŸ‡ͺπŸ‡Έ Fernando Verdasco
50%
Mar 2017 Dubai Tennis Championships - UAE Spain πŸ‡ͺπŸ‡Έ Fernando Verdasco
50%
Oct 2008 Madrid Masters - Spain France πŸ‡«πŸ‡· Gilles Simon
48%
Sept 2014 Shenzhen Open, China Spain πŸ‡ͺπŸ‡Έ Tommy Robredo
48%
Oct 2014 Valencia Open - Spain Spain πŸ‡ͺπŸ‡Έ Tommy Robredo
48%
May 2015 Bavarian Championships - Munich, Germany Germany πŸ‡©πŸ‡ͺ Philipp Kohlschreiber
45%
Jan 2012 Brisbane International, Australia Ukraine πŸ‡ΊπŸ‡¦ Alexandr Dolgopolov
40%
Feb 2008 Open 13 - Marseille, France Croatia πŸ‡­πŸ‡· Mario AnciΔ‡
38%
Feb 2007 Pacific Coast Championship - USA Croatia πŸ‡­πŸ‡· Ivo KarloviΔ‡
35%
Nov 2009 Valencia Open - Spain Russia πŸ‡·πŸ‡Ί Mikhail Youzhny
30%
Oct 2011 Thailand Open - Bangkok, Thailand United States πŸ‡ΊπŸ‡Έ Donald Young
20%
Oct 2008 St Petersburg Open - Russia Kazakhstan πŸ‡°πŸ‡Ώ Andrew Golubev
18%
No matching quizzes found
Score Distribution
Percent of People with Each Score
Percentile by Number Answered
Your Score History
You have not taken this quiz